|
|
|
|
| LEADER |
00000nam a2200000 a 4500 |
| 001 |
vtls001323462 |
| 003 |
SK-MaSNL |
| 005 |
20260301235530.0 |
| 008 |
240318s1990 xr 0 cze |
| 035 |
|
|
|a SNK000276156
|
| 040 |
|
|
|a SNK
|b slo
|c SNK
|e AACR2
|
| 041 |
0 |
|
|a cze
|
| 044 |
|
|
|a CZ
|
| 080 |
|
|
|a 398.87(=850)(082.2)
|2 1981
|
| 080 |
|
|
|a 398.87(=854)(082.2)
|2 1981
|
| 100 |
1 |
|
|a Sirovátka, Oldřich,
|d 1925-1992
|4 aut
|9 228766
|
| 245 |
1 |
0 |
|a Měl tatíček, měl tři dcery
|b české a slovenské lidové balady
|c vybr., ze slovenštiny přel. Oldřich Sirovátka ; il. Karel Beneš
|
| 260 |
|
|
|a Praha
|b Albatros
|c 1990
|
| 300 |
|
|
|a 183, [4] s.
|c 8°
|
| 650 |
0 |
7 |
|a české ľudové balady
|2 SNK
|9 115287
|
| 650 |
0 |
7 |
|a balady ľudové slovenské
|x výbery
|2 SNK
|9 632905
|
| 700 |
1 |
|
|a Beneš, Karel
|4 ilu
|9 282329
|
| 958 |
|
|
|a RK
|
| 958 |
|
|
|a OND
|
| 999 |
|
|
|c 975481
|d 977411
|
| 952 |
|
|
|t P60, <04>, [BOOK], {604}
|a SNK
|b SNK
|y VYP
|7 0
|o snkSD 61915 D1
|i snkKIP 2984/90
|0 0
|1 0
|4 0
|d 1998-03-05
|l 0
|r 2005-01-02 00:00:00
|w 2026-02-24
|
| 952 |
|
|
|t P60, <03>, [BOOK], {603}
|a SNK
|b SNK
|y PREZ
|7 0
|o snkSD 61915
|i snkKIP 2983/90
|0 0
|1 0
|4 0
|d 1998-03-05
|l 0
|r 2005-01-02 00:00:00
|w 2026-02-24
|
| 952 |
|
|
|t P60, <04>, [BOOK], {604}
|a SNK
|b SNK
|y VYP
|7 0
|p 17A0157621
|o snkSD 61915 D1
|0 0
|1 0
|4 0
|d 1998-09-02
|l 0
|r 2005-01-02 00:00:00
|w 2026-02-24
|